000 01221nam a2200373 a 4500
001 81479
003 BD-RjUL
005 20230801113342.0
008 230529s20152013enka b 001 0 eng d
020 _a9780199588862 (Hbk)
020 _a9780198743668 (Pbk)
020 _a0199588864
035 _a(BD-RjUL)81479
040 _aBTCTA
_beng
_cBTCTA
_dUKMGB
_dYDXCP
_dDLC
_dBD-RjUL
041 _aeng
082 _223
_a327.2
_bOXF 2015
245 0 4 _aThe Oxford handbook of modern diplomacy /
_cedited by Andrew F. Cooper, Jorge Heine, and Ramesh Thakur.
246 3 0 _aModern diplomacy
260 _aOxford, U.K. :
_bOxford University Press,
_c2015, 2013.
300 _a953p. :
_bill. ;
_c26 cm.
490 0 _aOxford handbooks
500 _aSeries information from dust jacket.
504 _aIncludes bibliographical references and index.
650 0 _aDiplomacy.
_97726
650 7 _aDiplomatie.
_2gnd
_97727
650 7 _aInternationale Politik.
_2gnd
_97728
700 1 _aCooper, Andrew Fenton,
_d1950-
_97729
700 1 _aHeine, Jorge.
_97730
700 1 _aThakur, Ramesh Chandra,
_d1948-
_97731
830 0 _aOxford handbooks.
_97522
942 _2ddc
_cBK
999 _c81479
_d81479